Islam and science : (Record no. 2770)
[ view plain ]
| 000 -LEADER | |
|---|---|
| fixed length control field | 00654nac a22001811u 4500 |
| 008 - FIXED-LENGTH DATA ELEMENTS--GENERAL INFORMATION | |
| fixed length control field | 150901b xxu||||| |||| 00| 0 eng d |
| 010 ## - LIBRARY OF CONGRESS CONTROL NUMBER | |
| LC control number | 91022885 |
| 040 ## - CATALOGING SOURCE | |
| Original cataloging agency | dla |
| 082 00 - DEWEY DECIMAL CLASSIFICATION NUMBER | |
| Classification number | 297.1975 |
| Item number | H7618 |
| 100 ## - MAIN ENTRY--PERSONAL NAME | |
| Personal name | Hoodbhoy, Pervez. |
| 245 10 - TITLE STATEMENT | |
| Title | Islam and science : |
| Remainder of title | religious orthodoxy and the battle for rationality / |
| Statement of responsibility, etc | Pervez Hoodbhoy ; foreword by Mohammed Abdus Salam. |
| 260 ## - PUBLICATION, DISTRIBUTION, ETC. (IMPRINT) | |
| Place of publication, distribution, etc | London ; |
| -- | Atlantic Highlands, N.J. : |
| Name of publisher, distributor, etc | Zed Books,1991 |
| Date of publication, distribution, etc | 1991. |
| 300 ## - PHYSICAL DESCRIPTION | |
| Extent | xv, 157 p. ; |
| Dimensions | 23 cm. |
| 504 ## - BIBLIOGRAPHY, ETC. NOTE | |
| Bibliography, etc | Includes bibliographical references and index. |
| 650 #0 - SUBJECT ADDED ENTRY--TOPICAL TERM | |
| Topical term or geographic name as entry element | Islam and science. |
| Source of heading or term | BUEsh |
| 651 ## - SUBJECT ADDED ENTRY--GEOGRAPHIC NAME | |
| Source of heading or term | BUEsh |
| 942 ## - ADDED ENTRY ELEMENTS (KOHA) | |
| Item type | Book - Borrowing |
| Call number prefix | 297.1975H7618 |
| Source of classification or shelving scheme | Dewey Decimal Classification |
| Withdrawn status | Item status | Source of classification or shelving scheme | Damaged status | Not for loan | Home library | Current library | Shelving location | Date acquired | Source of acquisition | Cost, normal purchase price | Total Checkouts | Total Renewals | Full call number | Barcode | Date last seen | Date last borrowed | Cost, replacement price | Koha item type |
|---|---|---|---|---|---|---|---|---|---|---|---|---|---|---|---|---|---|---|
| Dewey Decimal Classification | Central Library | Central Library | Lower Floor | 05/03/2007 | Purchase | 168.00 | 8 | 45 | 297.1975 HOO | 000001286 | 15/07/2025 | 15/09/2021 | 210.00 | Book - Borrowing |